·Sera que a las mujeres nos matan porque nos aman? : (Registro nro. 40086)

Detalles MARC
000 -LEADER
fixed length control field 01141nam a2200289 4500
001 - CONTROL NUMBER
control field 0000023530
003 - CONTROL NUMBER IDENTIFIER
control field CO-CtgCURN
005 - DATE AND TIME OF LATEST TRANSACTION
control field 20250429224129.0
007 - PHYSICAL DESCRIPTION FIXED FIELD--GENERAL INFORMATION
fixed length control field ta
008 - FIXED-LENGTH DATA ELEMENTS--GENERAL INFORMATION
fixed length control field 160627s2010 000 0 eng d
020 ## - INTERNATIONAL STANDARD BOOK NUMBER
International Standard Book Number 9789589861936
040 ## - CATALOGING SOURCE
Original cataloging agency CO-CtgCURN
Language of cataloging spa
Transcribing agency coctgcurn
082 0# - DEWEY DECIMAL CLASSIFICATION NUMBER
Classification number 362.8292
Item number Sn19
100 1# - MAIN ENTRY--PERSONAL NAME
Personal name Sánchez Gómez, Olga Amparo.
245 11 - TITLE STATEMENT
Title ·Sera que a las mujeres nos matan porque nos aman? :
Remainder of title feminicidios en Colombia 2002-2009 /
Statement of responsibility, etc. Olga Amparo Sánchez Gómez.
260 ## - PUBLICATION, DISTRIBUTION, ETC.
Place of publication, distribution, etc. Bogotá :
Name of publisher, distributor, etc. Casa de la Mujer,
Date of publication, distribution, etc. 2010.
300 ## - PHYSICAL DESCRIPTION
Extent 111 p.
336 ## - CONTENT TYPE
Source rdacontent
337 ## - MEDIA TYPE
Source rdamedia
Media type term sin mediacion
Media type code n
338 ## - CARRIER TYPE
Source rdacarrier
Carrier type term volumen
Carrier type code nc
504 ## - BIBLIOGRAPHY, ETC. NOTE
Bibliography, etc. note Incluye bibliografia ( p.103-107)
505 8# - FORMATTED CONTENTS NOTE
Formatted contents note Precisiones de orden metodologico.--La obligacion de la debida diligencia por el Estado colombiano.--Las violencias, un continuum en la vida de las mujeres.--El Estado colombiano en cumplimiento de la debida diligencia
650 14 - SUBJECT ADDED ENTRY--TOPICAL TERM
Topical term or geographic name entry element Violencia familiar.
908 ## - PUT COMMAND PARAMETER (RLIN)
Put command parameter 160627
942 ## - ADDED ENTRY ELEMENTS (KOHA)
Koha item type Libros
Classification part 362.8292
Item part Sn19
Source of classification or shelving scheme Dewey Decimal Classification
Existencias
Withdrawn status Lost status Source of classification or shelving scheme Damaged status Not for loan Collection Home library Current library Shelving location Date acquired Inventory number Total checkouts Full call number Barcode Date last seen Price effective from Koha item type Public note
    Dewey Decimal Classification     General Miguel Henríquez Emiliani Miguel Henríquez Emiliani General 04/29/2025 015695   362.8292 Sn19 015695 04/29/2025 04/29/2025 Libros 360-SER.SO